000 00858nam a2200253 i 4500
001 94994
003 ES-MaACL
005 20250823063048.0
007 t|
008 050519s1986 sp ||||1| spa d
020 _a84-320-3951-9
100 0 _aLuis de Granada,
_c(O.P.),
_d1504-1588
_974687
245 1 0 _aGuía de pecadores /
_cFray Luis de Granada; edición, introducción y notas de José María Balcells.
250 _a1ª ed.
260 _aBarcelona :
_bPlaneta,
_c1986.
300 _aXLIV, 478 p. ;
_c18 cm.
490 1 _aClásicos universales Planeta ;
_v119
504 _aBibliografía.
650 4 _aVida cristiana-
_xIglesia Católica.
_9156102
700 1 _aBalcells, José María,
_d1943-
_924862
830 0 _aClásicos universales Planeta ;
_v119
_9178015
852 _aES-MaACL
_jL-11292
_bR.112886
999 _c94994
_d94994